01243nam a2200169Ia 4500001001300000003001000013008004100023040002500064041000700089100002600096245002400122250001100146260005800157300001200215500083300227650001301060b7219-53453 IT-MiCISF161014s9999||||xx |||||||||||||| ||und|| aIT-MiCISFcIT-MiCISF ait aDi Pietro Maria Luisa 0aBioetica e famiglia a1a ed. a Città del VaticanobLateran University Pressc2008 app. 311 a / bioetica, famiglia, educazione-alla-salute, sessualità, aborto, controllo-nascite, procreazione-artificiale, embrione, genetica, malattia / La famiglia ha da sempre un ruolo fondamentale nella valorizzazione, promozione, celebrazione e servizio alla vita. Si tratta di un compito importante, che richiede competenza e capacità non solo da parte di coloro che sono impegnati nello studio - prima ancora che dei singoli problemi - della verità circa la persona, il matrimonio e la famiglia, per poi poter seguire, sostenere e coadiuvare quest'ultima. Questo volume, che vuole essere un contributo alla riflessione su famiglia, vita e bioetica, prende in esame, oltre ad aspetti di meta-etica, alcuni elementi di bioetica, con una particolare attenzione a due ambiti dell'intervento educativo: la salute e la sessualità. abioetica